| 000 | 00460nam a2200193Ia 4500 | ||
|---|---|---|---|
| 003 | 0100 | ||
| 008 | 130303s9999 xx 000 0 und d | ||
| 040 | _cARRUPELIB | ||
| 050 | _aB377.A5S4 | ||
| 245 | _aPlato's meno | ||
| 245 | _btext and criticism | ||
| 260 | _aBelmont | ||
| 260 | _bWadsworth Publishing Company | ||
| 260 | _C1965 | ||
| 300 | _avii | ||
| 300 | _b 116p. 22cm. | ||
| 700 | _aSesonske, Alexander and Fleming, Noel (ed.) | ||
| 942 | 0 | 0 | _01 |
| 999 |
_c40147 _d40147 |
||